Statistics for Category Elimination - Countries #1

Click here to take the quiz!

General Stats

  • This quiz has been taken 76,087 times
  • The average score is 14 of 20

Answer Stats

Group # Category % Correct
Green54Countries in Africa
99%
Green22... ending in A
99%
Green9... with a population over 20 million
97%
Green3... and a land area of at least 1,000,000 km²
91%
Yellow159One word countries
91%
Yellow81... in Europe or Asia
91%
Yellow44... with fewer than 10 million people
89%
Blue63... not in Asia
82%
Blue91Countries with at least 10 million people
82%
Pink102Countries starting with a letter between A and L
78%
Blue39... with a Capital City of at most 7 letters
77%
Pink28... in Oceania or Europe
77%
Pink21... with less than 10 million people
72%
Pink7... and an area less than 20,000 km²
63%
Blue8... and its country name ending in "IA"
59%
Yellow8... and exactly 6 letters in its Capital City
54%
Green1... whose Capital City starts with LAngola
43%
Blue1... with the equator passing through itColombia
26%
Pink1... whose Capital City ends with GLuxembourg
22%
Yellow1... with a land area of over 200,000 km²Oman
9%

Score Distribution

Percentile by Number Answered

Percent of People with Each Score

Your Score History

You have not taken this quiz